Love, Actually Actors by Picture - Statistics

General Stats
  • This quiz has been taken 7,798 times
  • The average score is 9 of 16
Answer Stats
Picture Answer % Correct
Hugh Grant
92%
Rowan Atkinson
87%
Keira Knightley
85%
Liam Neeson
83%
Alan Rickman
78%
Colin Firth
73%
Emma Thompson
69%
Martin Freeman
54%
Bill Nighy
49%
Billy Bob Thornton
47%
Claudia Schiffer
36%
Laura Linney
35%
Andrew Lincoln
28%
Thomas Brodie-Sangster
28%
Chiwetel Ejiofor
23%
January Jones
17%
No matching quizzes found
Score Distribution
Percent of People with Each Score
Percentile by Number Answered
Your Score History
You have not taken this quiz